The Who Song Initials - Statistics

General Stats
  • This quiz has been taken 7 times
  • The average score is 12 of 30
Answer Stats
Initials Song % Correct
YBYB You Better You Bet
100%
BOR Baba O'Riley
86%
BBE Behind Blue Eyes
86%
MG My Generation
86%
PW Pinball Wizard
86%
WAY Who Are You?
86%
WGFA Won't Get Fooled Again
86%
EF Eminence Front
71%
ICSFM I Can See for Miles
71%
MB Magic Bus
57%
TKAA The Kids Are Alright
57%
ICE I Can't Explain
43%
POL Pictures of Lily
43%
TS The Seeker
43%
BTS Boris the Spider
29%
HJ Happy Jack
29%
JT Join Together
29%
AJ Amazing Journey
14%
LROM Love, Reign O'er Me
14%
SMFM See Me, Feel Me
14%
TAQ The Acid Queen
14%
TRM The Real Me
14%
WNGTI We're Not Gonna Take It
14%
W&G Wire & Glass
14%
BAC Ball and Chain
0%
BB Bell Boy
0%
HGZ Hero Ground Zero
0%
IAM Imagine A Man
0%
IO I'm One
0%
MAWTSH Mary Anne with the Shaky Hand
0%
No matching quizzes found
Score Distribution
Percent of People with Each Score
Percentile by Number Answered
Your Score History
You have not taken this quiz